Films italiens par images - Statistiques

Statistiques générales
  • Ce quiz a été pris 32 fois
  • Le résultat moyen est 6 sur 16
Statistiques - réponses
Par images Réponse % Correct
La vie est belle
86%
La Dolce Vita
79%
Il était une fois dans l'Ouest
68%
Le Guépard
68%
Le Voleur de bicyclette
68%
Cinema Paradiso
64%
Rome, ville ouverte
43%
L'Avventura
29%
Nous nous sommes tant aimés
25%
Suspiria
21%
La Chambre du fils
18%
Théorème
18%
Le Fanfaron
14%
Hercule à la conquête de l'Atlantide
11%
Sicilia!
7%
Heureux comme Lazzaro
4%
Aucun quiz correspondant
Distribution des résultats
% des personnes avec chaque résultat
Percentile par nombre de réponses
Votre historique - résultats
Vous n’avez pas pris ce quiz